[Event "Gatineau Nouvel An U1500"]
[Site "Gatineau"]
[Date "2016.01.19"]
[Round "3"]
[White "Menard, Marc"]
[Black "Clermont, Yves"]
[Result "1-0"]
[WhiteElo "1462"]
[BlackElo "1017"]
[PlyCount "41"]
[EventDate "2016.01.05"]
[EventType "swiss"]
[EventRounds "5"]
[EventCountry "CAN"]
[SourceTitle "EXT 2022"]
[Source "ChessBase"]
[SourceDate "2021.10.06"]
[SourceVersion "1"]
[SourceVersionDate "2021.10.06"]
[SourceQuality "1"]

1. e4 e5 2. Nf3 Nc6 3. Bb5 Nf6 4. 0-0 Nxe4 5. Re1 Ng5 6. Nxe5 Be7 7. d4 0-0 8. Nc3 a6 9. Ba4 b5 10. Bb3 Bb7 11. Bf4 Ne6 12. Nd5 Ncxd4 13. Nxe7+ Qxe7 14. Bg3 c5 15. c4 b4 16. Ba4 Qg5 17. Nxd7 Rfc8 18. Nb6 Nf5 19. Nxc8 Nh4 20. Qd7 Bxc8 21. Qe8+ 1-0

[Event "Gatineau Equipes"]
[Site "Gatineau"]
[Date "2015.11.03"]
[Round "3"]
[White "Menard, Marc"]
[Black "Piche, Guy"]
[Result "1-0"]
[WhiteElo "1439"]
[BlackElo "1694"]
[PlyCount "93"]
[EventDate "2015.10.20"]
[EventType "team-swiss"]
[EventRounds "3"]
[EventCountry "CAN"]
[SourceTitle "EXT 2022"]
[Source "ChessBase"]
[SourceDate "2021.10.06"]
[SourceVersion "1"]
[SourceVersionDate "2021.10.06"]
[SourceQuality "1"]

1. e4 d6 2. d4 Nf6 3. Nc3 Nbd7 4. Nf3 e5 5. d5 Be7 6. Bb5 0-0 7. 0-0 a6 8. Ba4 b5 9. Bb3 b4 10. Nb1 Nxe4 11. c4 bxc3 12. Nxc3 Nxc3 13. bxc3 Nc5 14. Be3 Ne4 15. Qc2 Bf5 16. g4 Bg6 17. Qc1 Qd7 18. h3 h5 19. Nh2 hxg4 20. hxg4 f5 21. f3 Ng3 22. Re1 fxg4 23. fxg4 Bh4 24. Bc2 Qf7 25. c4 Qf6 26. Kg2 Rf7 27. Kh3 Bxc2 28. Qxc2 g6 29. Rg1 Rh7 30. Bf2 Ne4 31. Qxe4 Bxf2+ 32. Kg2 Bxg1 33. Kxg1 Kg7 34. Nf3 Rf8 35. Kg2 Rfh8 36. Rb1 Rf8 37. Rb7 Rf7 38. Qe3 Rh8 39. Ng5 Qf1+ 40. Kg3 Qh1 41. Ne6+ Kh7 42. Ng5+ Kg8 43. Rb8+ Rf8 44. Rxf8+ Kxf8 45. Qf2+ Kg7 46. Ne6+ Kh6 47. g5+ 1-0

[Event "Outaouais op U1900"]
[Site "Gatineau"]
[Date "2015.06.05"]
[Round "1"]
[White "Villeneuve, Luc"]
[Black "Menard, Marc"]
[Result "1-0"]
[WhiteElo "1779"]
[BlackElo "1588"]
[PlyCount "93"]
[EventDate "2015.06.05"]
[EventType "swiss"]
[EventRounds "5"]
[EventCountry "CAN"]
[SourceTitle "EXT 2019"]
[Source "ChessBase"]
[SourceDate "2018.10.10"]
[SourceVersion "1"]
[SourceVersionDate "2018.10.10"]
[SourceQuality "1"]

1. Nf3 Nc6 2. c4 e5 3. Nc3 Nf6 4. a3 g6 5. d3 Bg7 6. g3 0-0 7. Bg2 d5 8. cxd5 Nxd5 9. Nxd5 Qxd5 10. 0-0 Re8 11. Nd2 Qb5 12. Ne4 Nd4 13. e3 Nb3 14. Nc3 Qb6 15. Nd5 Qd6 16. Qxb3 c6 17. Nc3 Qxd3 18. Rd1 Qf5 19. Ne4 Bf8 20. Nd6 Bxd6 21. Rxd6 a5 22. Qb6 Qc2 23. Rd2 Qf5 24. e4 Qh5 25. Qe3 f5 26. Qb3+ Kf8 27. a4 f4 28. Bf3 Qg5 29. Qa3+ Kg7 30. Rd6 Be6 31. Bd2 h5 32. Bc3 h4 33. Qc5 Bh3 34. Bg2 Bg4 35. f3 Bh5 36. g4 Bxg4 37. fxg4 Qxg4 38. Bxe5+ Kh6 39. Ra3 Rf8 40. h3 Qe2 41. Qc1 Kg5 42. Bf3 Qa6 43. Rad3 Qb6+ 44. Kh2 Qf2+ 45. Bg2 Rae8 46. Bd4 Rxe4 47. Bxf2 1-0

[Event "CEH-ch Releve II"]
[Site "Gatineau"]
[Date "2015.04.28"]
[Round "4"]
[White "Lemieux, Denis"]
[Black "Menard, Marc"]
[Result "1/2-1/2"]
[WhiteElo "1461"]
[BlackElo "1468"]
[PlyCount "73"]
[EventDate "2015.04.07"]
[EventType "swiss"]
[EventRounds "6"]
[EventCountry "CAN"]
[SourceTitle "EXT 2016"]
[Source "ChessBase"]
[SourceDate "2015.10.08"]
[SourceVersion "1"]
[SourceVersionDate "2015.10.08"]
[SourceQuality "1"]

1. d4 Nf6 2. c4 e6 3. Nc3 d5 4. cxd5 Nxd5 5. e4 Nb6 6. Nf3 Be7 7. Be2 0-0 8. 0-0 c5 9. dxc5 Bxc5 10. Qxd8 Rxd8 11. Bf4 Nc6 12. Rfd1 Bd7 13. a3 Be8 14. b4 Bd4 15. Nxd4 Nxd4 16. Bf1 Rac8 17. Ne2 Nc2 18. Rxd8 Rxd8 19. Ra2 Nd4 20. Nc3 f6 21. e5 Bc6 22. exf6 gxf6 23. Bc7 Rc8 24. Bxb6 axb6 25. Ne2 Rd8 26. Nxd4 Rxd4 27. Ra1 e5 28. g3 Kf7 29. Bg2 Ke6 30. Bxc6 bxc6 31. Rc1 Kd5 32. Rc3 e4 33. Kf1 f5 34. Ke2 Rc4 35. Kd2 Kd4 36. Rb3 b5 37. f3 1/2-1/2

[Event "CEH-ch Releve II"]
[Site "Gatineau"]
[Date "2015.04.07"]
[Round "1"]
[White "Simard, Paul"]
[Black "Menard, Marc"]
[Result "1/2-1/2"]
[WhiteElo "1111"]
[BlackElo "1468"]
[PlyCount "72"]
[EventDate "2015.04.07"]
[EventType "swiss"]
[EventRounds "6"]
[EventCountry "CAN"]
[SourceTitle "EXT 2016"]
[Source "ChessBase"]
[SourceDate "2015.10.08"]
[SourceVersion "1"]
[SourceVersionDate "2015.10.08"]
[SourceQuality "1"]

1. f4 e5 2. e4 exf4 3. Nf3 g5 4. Bc4 d6 5. 0-0 Nc6 6. h3 Be6 7. Bb5 h6 8. d3 Nge7 9. Nc3 a6 10. Bxc6+ Nxc6 11. b3 Bg7 12. Bb2 Qd7 13. Rb1 0-0-0 14. a4 Nd4 15. Ne2 Nxf3+ 16. Rxf3 Bxb2 17. Rxb2 f5 18. Nd4 fxe4 19. dxe4 Bf7 20. Rf1 Bg6 21. Re1 Rde8 22. Qf3 d5 23. e5 Be4 24. Qc3 Qe7 25. e6 Qf6 26. Qc5 Rxe6 27. Nxe6 Qxe6 28. Rbb1 b6 29. Qd4 Re8 30. Re2 c5 31. Qg7 Re7 32. Qh8+ Kb7 33. Rbe1 Qe5 34. Qxh6 Qd4+ 35. Kh2 Qe5 36. Kg1 Qd4+ 1/2-1/2

[Event "Gatineau op-C"]
[Site "Gatineau"]
[Date "2015.03.??"]
[Round "3"]
[White "Menard, Marc"]
[Black "Lemieux, Serge"]
[Result "0-1"]
[WhiteElo "1467"]
[BlackElo "1545"]
[PlyCount "98"]
[EventDate "2015.03.07"]
[EventType "swiss"]
[EventRounds "5"]
[EventCountry "CAN"]
[SourceTitle "EXT 2016"]
[Source "ChessBase"]
[SourceDate "2015.10.08"]
[SourceVersion "1"]
[SourceVersionDate "2015.10.08"]
[SourceQuality "1"]

1. e4 e6 2. d4 d5 3. Nc3 Nf6 4. e5 Nfd7 5. f4 c5 6. Nge2 Nc6 7. g3 a6 8. a4 Be7 9. Bg2 Qb6 10. dxc5 Bxc5 11. Rf1 Na5 12. b3 0-0 13. Ba3 Bxa3 14. Rxa3 Qb4 15. Ra2 Rd8 16. Qd2 Nc6 17. h4 Nc5 18. h5 Bd7 19. h6 g6 20. Nd1 Rac8 21. Ne3 Be8 22. Ng4 Qxd2+ 23. Kxd2 Ne4+ 24. Kc1 Nb4 25. Bxe4 dxe4 26. Nf6+ Kh8 27. Rb2 Nd3+ 28. Kb1 Nxb2 29. Kxb2 Rd2 30. Nc3 Bc6 31. Rd1 Rcd8 32. Rxd2 Rxd2 33. Ncxe4 Bxe4 34. Nxe4 Rd7 35. Nd6 f6 36. c4 fxe5 37. fxe5 Kg8 38. b4 Kf8 39. c5 Ke7 40. b5 axb5 41. axb5 Kd8 42. c6 bxc6 43. b6 g5 44. b7 Kc7 45. Kb3 Rxd6 46. exd6+ Kxb7 47. Kc4 Kc8 48. Kd4 Kd7 49. Kc5 g4 0-1

[Event "Gatineau Judith Polgar"]
[Site "Gatineau"]
[Date "2015.02.10"]
[Round "5"]
[White "Arcand, Pierre"]
[Black "Menard, Marc"]
[Result "0-1"]
[WhiteElo "1083"]
[BlackElo "1451"]
[PlyCount "54"]
[EventDate "2015.01.13"]
[EventType "swiss"]
[EventRounds "5"]
[EventCountry "CAN"]
[SourceTitle "EXT 2022"]
[Source "ChessBase"]
[SourceDate "2021.10.06"]
[SourceVersion "1"]
[SourceVersionDate "2021.10.06"]
[SourceQuality "1"]

1. e4 e5 2. Nf3 Nc6 3. Bb5 a6 4. Bxc6 dxc6 5. Nxe5 Qd4 6. Nf3 Qxe4+ 7. Qe2 Qxe2+ 8. Kxe2 Bg4 9. Re1 0-0-0 10. Kf1 Bxf3 11. gxf3 Bc5 12. b3 Nf6 13. Bb2 Rd6 14. c4 Rhd8 15. Re2 b5 16. cxb5 cxb5 17. a4 b4 18. Be5 Re6 19. Bxf6 Rxf6 20. Kg2 Rd3 21. Re8+ Kd7 22. Rh8 Rdxf3 23. Kf1 Bxf2 24. Ke2 Rxb3 25. Rxh7 Bd4 26. Ra2 Rxb1 27. Rxg7 Rf2+ 0-1

[Event "Gatineau Judith Polgar"]
[Site "Gatineau"]
[Date "2015.01.20"]
[Round "2"]
[White "Arsenault, Yves"]
[Black "Menard, Marc"]
[Result "1/2-1/2"]
[WhiteElo "1555"]
[BlackElo "1451"]
[PlyCount "72"]
[EventDate "2015.01.13"]
[EventType "swiss"]
[EventRounds "5"]
[EventCountry "CAN"]
[SourceTitle "EXT 2022"]
[Source "ChessBase"]
[SourceDate "2021.10.06"]
[SourceVersion "1"]
[SourceVersionDate "2021.10.06"]
[SourceQuality "1"]

1. e4 e5 2. Nf3 Nc6 3. Bb5 a6 4. Ba4 Nf6 5. d3 b5 6. Bb3 Be7 7. 0-0 0-0 8. Nc3 Na5 9. Nxe5 Nxb3 10. axb3 Bb7 11. Be3 d5 12. exd5 Nxd5 13. Nxd5 Qxd5 14. Nf3 Rad8 15. Qe2 Rfe8 16. Rad1 Bf6 17. c4 Qh5 18. Nd4 Qg6 19. Nf3 Bxf3 20. Qxf3 Rxd3 21. Rxd3 Qxd3 22. Qc6 Rd8 23. cxb5 Qxb5 24. Qxc7 Qxb3 25. Re1 Qxb2 26. Qc6 Qb5 27. Qc2 Re8 28. Rb1 Qe5 29. Qc4 a5 30. g3 g6 31. Rb5 Qa1+ 32. Kg2 a4 33. Qc6 Rd8 34. Rb6 Bd4 35. Bxd4 Qxd4 36. Ra6 Qd5+ 1/2-1/2

[Event "Gatineau Nez Rouge-B"]
[Site "Gatineau"]
[Date "2014.12.09"]
[Round "3"]
[White "Traversy, Pierre"]
[Black "Menard, Marc"]
[Result "1/2-1/2"]
[WhiteElo "1141"]
[BlackElo "1474"]
[PlyCount "117"]
[EventDate "2014.11.25"]
[EventType "swiss"]
[EventRounds "4"]
[EventCountry "CAN"]
[SourceTitle "EXT 2016"]
[Source "ChessBase"]
[SourceDate "2015.10.08"]
[SourceVersion "1"]
[SourceVersionDate "2015.10.08"]
[SourceQuality "1"]

1. d4 Nf6 2. c4 g6 3. Nf3 Bg7 4. Nc3 c6 5. e3 0-0 6. Bd2 d5 7. c5 b6 8. b4 Ba6 9. Be2 Bxe2 10. Qxe2 Nbd7 11. Rc1 b5 12. 0-0 a5 13. bxa5 Rxa5 14. Nxd5 Rxa2 15. Nxf6+ Nxf6 16. Qd3 Qc7 17. Ra1 Rfa8 18. Rxa2 Rxa2 19. Qb3 Ra4 20. Ne5 e6 21. Qc2 Nd5 22. f4 Ra3 23. e4 Ne3 24. Bxe3 Rxe3 25. Ng4 Ra3 26. e5 Qa5 27. Nf6+ Bxf6 28. exf6 Ra2 29. Qe4 Qd2 30. Qxc6 Qxd4+ 31. Kh1 Qxf6 32. h3 b4 33. Qb5 Qb2 34. Rg1 b3 35. Qd3 Ra1 36. c6 Rxg1+ 37. Kxg1 Qc1+ 38. Kh2 Qxf4+ 39. Qg3 Qxg3+ 40. Kxg3 b2 41. c7 b1Q 42. c8Q+ Kg7 43. Qc3+ f6 44. Qc7+ Kh6 45. Qf4+ g5 46. Qxf6+ Qg6 47. Qe5 Qf5 48. Qe3 Kg6 49. Kh2 Kf6 50. Kg1 h5 51. Qd4+ Qe5 52. Qd8+ Kf5 53. Qe8 h4 54. Qf7+ Qf6 55. Qh5 Qa1+ 56. Kh2 Qe5+ 57. Kh1 Qe1+ 58. Kh2 Qg3+ 59. Kg1 1/2-1/2

[Event "Gatineau Loisirs-B"]
[Site "Gatineau"]
[Date "2014.11.04"]
[Round "3"]
[White "Menard, Marc"]
[Black "Berthiaume, Serge"]
[Result "1-0"]
[WhiteElo "1452"]
[BlackElo "1473"]
[PlyCount "117"]
[EventDate "2014.10.21"]
[EventType "swiss"]
[EventRounds "4"]
[EventCountry "CAN"]
[SourceTitle "EXT 2016"]
[Source "ChessBase"]
[SourceDate "2015.10.08"]
[SourceVersion "1"]
[SourceVersionDate "2015.10.08"]
[SourceQuality "1"]

1. e4 e6 2. d4 d5 3. Nc3 Bb4 4. e5 c5 5. a3 Bxc3+ 6. bxc3 c4 7. Qg4 g6 8. f4 Qa5 9. Ne2 Nc6 10. Bd2 Qa4 11. Ra2 Qb5 12. g3 Nce7 13. Bg2 Bd7 14. 0-0 0-0-0 15. a4 Qa5 16. Rb1 Bxa4 17. Rba1 b5 18. Bc1 Nf5 19. Kf2 h5 20. Qg5 Ngh6 21. h3 Qc7 22. Ba3 Ng8 23. Bc5 Qd7 24. h4 Ngh6 25. Bh3 Ng4+ 26. Bxg4 hxg4 27. Qxg4 Rh5 28. Ng1 Rdh8 29. Nf3 Kb7 30. Ng5 Nxh4 31. gxh4 Rxh4 32. Qf3 Rh2+ 33. Kg3 a6 34. Qd1 R2h5 35. Qb1 Rh1 36. Qb4 Rxa1 37. Rxa1 Ka8 38. Qa5 Qb7 39. Ra2 Kb8 40. Qb6 Qxb6 41. Bxb6 Kb7 42. Bc5 Rh1 43. Nxf7 Rc1 44. Nd8+ Kc8 45. Nxe6 Kb7 46. Nf8 Bxc2 47. e6 Bf5 48. Bb4 Re1 49. e7 Re3+ 50. Kf2 Re4 51. Kf3 Bh3 52. Nxg6 Bd7 53. Ne5 Be8 54. Rh2 Re1 55. Rh8 Rf1+ 56. Kg4 Rg1+ 57. Kf5 Bh5 58. Rxh5 Rg8 59. Ng6 1-0

[Event "Gatineau Outaouais op U1500"]
[Site "Gatineau"]
[Date "2014.06.08"]
[Round "4"]
[White "Menard, Marc"]
[Black "Wang, Kyle"]
[Result "1/2-1/2"]
[WhiteElo "1423"]
[BlackElo "1356"]
[PlyCount "57"]
[EventDate "2014.06.06"]
[EventType "swiss"]
[EventRounds "5"]
[EventCountry "CAN"]
[SourceTitle "EXT 2022"]
[Source "ChessBase"]
[SourceDate "2021.10.06"]
[SourceVersion "1"]
[SourceVersionDate "2021.10.06"]
[SourceQuality "1"]

1. e4 e5 2. Nf3 Nc6 3. Bb5 d6 4. 0-0 a6 5. Ba4 b5 6. Bb3 Bg4 7. h3 Bh5 8. c3 Nf6 9. Re1 Be7 10. d4 exd4 11. cxd4 Bxf3 12. gxf3 Qd7 13. Kh2 h6 14. Bf4 g5 15. Bg3 h5 16. e5 h4 17. Bf4 Nh5 18. Bxf7+ Kd8 19. e6 Qc8 20. d5 Nxf4 21. dxc6 Rf8 22. Qd4 Rxf7 23. Nc3 Nxe6 24. Qh8+ Rf8 25. Qh7 Re8 26. Nd5 Nf4 27. Nxf4 gxf4 28. Qe4 Qb8 29. Qh7 1/2-1/2

[Event "Gatineau Outaouais op U1500"]
[Site "Gatineau"]
[Date "2014.06.07"]
[Round "3"]
[White "Simard, Paul"]
[Black "Menard, Marc"]
[Result "0-1"]
[WhiteElo "1153"]
[BlackElo "1423"]
[PlyCount "80"]
[EventDate "2014.06.06"]
[EventType "swiss"]
[EventRounds "5"]
[EventCountry "CAN"]
[SourceTitle "EXT 2022"]
[Source "ChessBase"]
[SourceDate "2021.10.06"]
[SourceVersion "1"]
[SourceVersionDate "2021.10.06"]
[SourceQuality "1"]

1. f4 e5 2. fxe5 d6 3. Nf3 dxe5 4. Nxe5 Bd6 5. Nf3 g5 6. e3 g4 7. Nd4 Qh4+ 8. Ke2 b6 9. Qe1 Qe7 10. d3 Bb7 11. Nc3 Nc6 12. Nf5 Qf6 13. Nd4 Nxd4+ 14. exd4 Qxd4 15. Kd1+ Ne7 16. b3 0-0-0 17. Bb2 Nd5 18. Kc1 Rhe8 19. Ne2 Qe3+ 20. Qd2 Bb4 21. Qxe3 Nxe3 22. Nd4 Nxg2 23. Be2 Rxd4 24. Bxd4 Rxe2 25. Kb2 Ne3 26. Rhg1 Nxc2 27. Bf6 Nxa1+ 28. Kxa1 Re1+ 29. Rxe1 Bxe1 30. a4 h5 31. Bb2 g3 32. hxg3 Bxg3 33. d4 h4 34. Ka2 h3 35. Ka3 h2 36. Kb4 Bd6+ 37. Kc4 h1Q 38. Kc3 Qf3+ 39. Kc2 Be4+ 40. Kc1 Bf4# 0-1

[Event "Outaouais-ch reserve"]
[Site "Gatineau"]
[Date "2014.05.16"]
[Round "6"]
[White "Lecorre, Joel"]
[Black "Menard, Marc"]
[Result "1-0"]
[WhiteElo "1538"]
[BlackElo "1446"]
[PlyCount "57"]
[EventDate "2014.04.14"]
[EventType "swiss"]
[EventRounds "6"]
[EventCountry "CAN"]
[SourceTitle "EXT 2022"]
[Source "ChessBase"]
[SourceDate "2021.10.06"]
[SourceVersion "1"]
[SourceVersionDate "2021.10.06"]
[SourceQuality "1"]

1. e4 e5 2. Bc4 Nf6 3. d4 Nc6 4. d5 Na5 5. Bd3 c6 6. c4 Bc5 7. Nf3 0-0 8. 0-0 cxd5 9. cxd5 b5 10. Bg5 h6 11. Bd2 Nc4 12. Qc2 Nxd2 13. Nbxd2 d6 14. Bxb5 Rb8 15. Bd3 Bg4 16. Rab1 Qc7 17. a3 Rfc8 18. Rfc1 Qb6 19. Nc4 Qd8 20. b4 Bb6 21. Qe2 Nh5 22. Nxb6 Qxb6 23. Qe3 Nf4 24. Qxb6 axb6 25. Bb5 Bxf3 26. gxf3 Ra8 27. a4 Rxc1+ 28. Rxc1 Rxa4 29. Rc8+ 1-0

[Event "Outaouais-ch reserve"]
[Site "Gatineau"]
[Date "2014.04.14"]
[Round "1"]
[White "Menard, Marc"]
[Black "Leon, Carlos Antonio"]
[Result "0-1"]
[WhiteElo "1446"]
[BlackElo "1739"]
[PlyCount "56"]
[EventDate "2014.04.14"]
[EventType "swiss"]
[EventRounds "6"]
[EventCountry "CAN"]
[SourceTitle "EXT 2022"]
[Source "ChessBase"]
[SourceDate "2021.10.06"]
[SourceVersion "1"]
[SourceVersionDate "2021.10.06"]
[SourceQuality "1"]

1. e4 e6 2. d4 d5 3. Nc3 Nf6 4. e5 Nfd7 5. f4 c5 6. Nf3 Nc6 7. Be3 cxd4 8. Nxd4 Bc5 9. Qd2 a6 10. 0-0-0 Nxd4 11. Bxd4 Qc7 12. g4 b5 13. Bg2 Bb7 14. Rhe1 Rc8 15. f5 0-0 16. f6 Bxd4 17. Qxd4 Qc4 18. Qa7 Nc5 19. Rd2 b4 20. Bf1 Qf4 21. Ne2 Nd3+ 22. Kd1 Nxb2+ 23. Kc1 Nd3+ 24. Kd1 Nf2+ 25. Kc1 Qxe5 26. Kb1 Ne4 27. Rd4 Qc7 28. Rc1 Ra8 0-1

[Event "Gatineau Commanditaires"]
[Site "Gatineau"]
[Date "2014.03.18"]
[Round "4"]
[White "Lavergne, Daniel"]
[Black "Menard, Marc"]
[Result "1-0"]
[WhiteElo "1742"]
[BlackElo "1456"]
[PlyCount "95"]
[EventDate "2014.02.25"]
[EventType "swiss"]
[EventRounds "4"]
[EventCountry "CAN"]
[SourceTitle "EXT 2022"]
[Source "ChessBase"]
[SourceDate "2021.10.06"]
[SourceVersion "1"]
[SourceVersionDate "2021.10.06"]
[SourceQuality "1"]

1. d4 Nf6 2. c4 e6 3. Nf3 Nc6 4. g3 Be7 5. Nc3 b6 6. Bg2 Bb7 7. 0-0 0-0 8. e4 d6 9. Qe2 Re8 10. Rd1 Bf8 11. e5 Nd7 12. Bg5 f6 13. exf6 Nxf6 14. Rd2 h6 15. Bxf6 Qxf6 16. Ne4 Qf7 17. Nh4 g5 18. Nf3 Bg7 19. Nfxg5 hxg5 20. Nxg5 Qf5 21. h4 d5 22. Nxe6 Nb4 23. Re1 Nxa2 24. Kh2 Nb4 25. Bh3 Qf7 26. c5 Re7 27. Qg4 Rae8 28. Qg5 Bc8 29. Nxg7 Qxg7 30. Rxe7 Rxe7 31. Qxg7+ Kxg7 32. Bxc8 Re4 33. Kg2 Kf6 34. g4 Nc6 35. Bb7 Nxd4 36. f3 Re2+ 37. Rxe2 Nxe2 38. Kf2 Nf4 39. cxb6 axb6 40. h5 d4 41. Be4 c5 42. h6 Nh3+ 43. Ke2 Ng5 44. Kd3 Nxe4 45. Kxe4 Kg6 46. g5 b5 47. f4 b4 48. f5+ 1-0

[Event "Gatineau op U1500"]
[Site "Gatineau"]
[Date "2014.03.02"]
[Round "5"]
[White "Menard, Marc"]
[Black "Ouimet, Alain"]
[Result "1/2-1/2"]
[WhiteElo "1456"]
[BlackElo "1350"]
[PlyCount "118"]
[EventDate "2014.02.28"]
[EventType "swiss"]
[EventRounds "5"]
[EventCountry "CAN"]
[SourceTitle "EXT 2022"]
[Source "ChessBase"]
[SourceDate "2021.10.06"]
[SourceVersion "1"]
[SourceVersionDate "2021.10.06"]
[SourceQuality "1"]

1. e4 d6 2. d4 Nf6 3. Nc3 c6 4. Nf3 Bg4 5. Be2 g6 6. 0-0 Bg7 7. h3 Bd7 8. Bf4 0-0 9. Qd2 Nh5 10. Bh6 f5 11. Bxg7 Kxg7 12. e5 f4 13. Ne4 d5 14. Nc5 Bc8 15. Ng5 Qb6 16. Nce6+ Kg8 17. Nxf8 Kxf8 18. Bxh5 Bf5 19. Qxf4 Ke8 20. g4 Bxc2 21. Qf7+ Kd7 22. e6+ Kc8 23. Qxe7 Qd8 24. Qxd8+ Kxd8 25. Rfe1 Ke7 26. Nxh7 gxh5 27. Ng5 Na6 28. f4 Nc7 29. f5 Ne8 30. Rf1 Nf6 31. Rf4 Rg8 32. Nf3 hxg4 33. hxg4 Nxg4 34. Kf1 Bd3+ 35. Ke1 Be4 36. Ne5 Ne3 37. Ke2 Nxf5 38. Raf1 Nxd4+ 39. Ke3 Nf5+ 40. Rxf5 Rg3+ 41. Kd4 Bxf5 42. Rxf5 Kxe6 43. Rf3 Rg2 44. Nd3 b6 45. a4 Rg4+ 46. Rf4 c5+ 47. Kc3 Rg3 48. Kc2 a5 49. Rh4 Kd7 50. Rh5 Kd6 51. Rh6+ Kc7 52. Rh7+ Kc6 53. Ne5+ Kd6 54. Rh6+ Kxe5 55. Rxb6 Kd4 56. Rb5 Rg2+ 57. Kb1 Rg1+ 58. Ka2 Rg2 59. Rxa5 c4 1/2-1/2

[Event "Gatineau op U1500"]
[Site "Gatineau"]
[Date "2014.03.01"]
[Round "2"]
[White "Raymond, Robert"]
[Black "Menard, Marc"]
[Result "1/2-1/2"]
[WhiteElo "1348"]
[BlackElo "1456"]
[PlyCount "99"]
[EventDate "2014.02.28"]
[EventType "swiss"]
[EventRounds "5"]
[EventCountry "CAN"]
[SourceTitle "EXT 2022"]
[Source "ChessBase"]
[SourceDate "2021.10.06"]
[SourceVersion "1"]
[SourceVersionDate "2021.10.06"]
[SourceQuality "1"]

1. e4 e5 2. Nf3 Nc6 3. Bb5 a6 4. Ba4 Nf6 5. 0-0 b5 6. Bb3 Be7 7. c3 0-0 8. d4 exd4 9. e5 Ne8 10. cxd4 d6 11. d5 Nxe5 12. Nxe5 dxe5 13. Nc3 Nd6 14. Bc2 Bg5 15. Ne4 Nxe4 16. Bxe4 f5 17. Bc2 Bb7 18. Bb3 Kh8 19. f4 exf4 20. Bxf4 Bf6 21. Rb1 c5 22. dxc6 Bxc6 23. Qd6 Qb6+ 24. Rf2 Bd4 25. Rbf1 Rad8 26. Qc7 Rd7 27. Qxb6 Bxb6 28. Kh1 Bxf2 29. Rxf2 Rfd8 30. h3 Bd5 31. Bg5 Bxb3 32. Bxd8 Bxa2 33. Ba5 g6 34. b4 Bb1 35. g4 Be4+ 36. Kh2 Rd1 37. gxf5 Bxf5 38. h4 Rc1 39. h5 Rc2 40. Rxc2 Bxc2 41. h6 Kg8 42. Kg3 Kf7 43. Kf4 Kf6 44. Bd8+ Ke6 45. Kg5 Bd3 46. Ba5 Ke7 47. Bb6 Ke6 48. Ba5 Kd5 49. Kf6 Kc4 50. Kg5 1/2-1/2

[Event "Gatineau Commanditaires"]
[Site "Gatineau"]
[Date "2014.02.25"]
[Round "1"]
[White "Menard, Marc"]
[Black "Leon, Carlos Antonio"]
[Result "0-1"]
[WhiteElo "1456"]
[BlackElo "1711"]
[PlyCount "76"]
[EventDate "2014.02.25"]
[EventType "swiss"]
[EventRounds "4"]
[EventCountry "CAN"]
[SourceTitle "EXT 2022"]
[Source "ChessBase"]
[SourceDate "2021.10.06"]
[SourceVersion "1"]
[SourceVersionDate "2021.10.06"]
[SourceQuality "1"]

1. e4 e6 2. d4 d5 3. Nc3 Nf6 4. e5 Nfd7 5. f4 c5 6. Nf3 Nc6 7. Be2 cxd4 8. Nxd4 Ndxe5 9. Be3 Nxd4 10. Bxd4 Nc6 11. Bb5 Bd7 12. 0-0 Nxd4 13. Bxd7+ Qxd7 14. Qxd4 Rc8 15. Kh1 a6 16. Rad1 Rc4 17. Qxc4 dxc4 18. Rxd7 Kxd7 19. f5 e5 20. Nd5 Bc5 21. b4 Kc6 22. f6 gxf6 23. Rxf6+ Kxd5 24. bxc5 Rf8 25. Rh6 Kxc5 26. Rxh7 Kd4 27. Rh3 e4 28. c3+ Ke5 29. Rh4 Rd8 30. g3 Rd3 31. Rh5+ f5 32. g4 Rf3 33. Rxf5+ Rxf5 34. gxf5 Kxf5 35. Kg2 b5 36. h4 b4 37. h5 b3 38. h6 Kg6 0-1

[Event "Gatineau Loisirs"]
[Site "Gatineau"]
[Date "2013.11.05"]
[Round "4"]
[White "Menard, Marc"]
[Black "Leon, Carlos Antonio"]
[Result "0-1"]
[WhiteElo "1461"]
[BlackElo "1710"]
[PlyCount "70"]
[EventDate "2013.10.15"]
[EventType "swiss"]
[EventRounds "4"]
[EventCountry "CAN"]
[SourceTitle "EXT 2022"]
[Source "ChessBase"]
[SourceDate "2021.10.06"]
[SourceVersion "1"]
[SourceVersionDate "2021.10.06"]
[SourceQuality "1"]

1. e4 e6 2. d4 d5 3. Nc3 Nf6 4. e5 Nfd7 5. Nf3 c5 6. Bf4 a6 7. Be2 Nc6 8. dxc5 Bxc5 9. 0-0 Qc7 10. Re1 Qb6 11. Rf1 Qxb2 12. Na4 Qb4 13. Nxc5 Qxf4 14. g3 Qg4 15. Nb3 Qh5 16. Re1 0-0 17. Nfd4 Qxe5 18. Bxa6 Qf6 19. Bb5 Nxd4 20. Nxd4 Nb6 21. Rb1 Rxa2 22. Rb4 e5 23. Nb3 Be6 24. Nc5 Rc8 25. Qb1 d4 26. Ne4 Qd8 27. Bd3 Nd5 28. Rxb7 Nc3 29. Nxc3 Rxc3 30. Rxe5 Ra8 31. Be4 Rca3 32. Qb4 Bh3 33. f3 Ra1+ 34. Kf2 Rh1 35. Qe7 Rxh2+ 0-1

[Event "Gatineau Loisirs"]
[Site "Gatineau"]
[Date "2013.10.29"]
[Round "3"]
[White "Simard, Paul"]
[Black "Menard, Marc"]
[Result "0-1"]
[WhiteElo "1195"]
[BlackElo "1461"]
[PlyCount "88"]
[EventDate "2013.10.15"]
[EventType "swiss"]
[EventRounds "4"]
[EventCountry "CAN"]
[SourceTitle "EXT 2022"]
[Source "ChessBase"]
[SourceDate "2021.10.06"]
[SourceVersion "1"]
[SourceVersionDate "2021.10.06"]
[SourceQuality "1"]

1. e4 e5 2. Nf3 Nc6 3. Bc4 Nf6 4. d3 Bc5 5. 0-0 0-0 6. Nc3 a6 7. a3 b5 8. Ba2 Bb7 9. b4 Ba7 10. Bb2 d6 11. Ne2 Ne7 12. Ng3 c5 13. bxc5 Bxc5 14. Qe2 Rc8 15. Rad1 Qc7 16. Bb3 Ng6 17. Bc1 Nf4 18. Bxf4 exf4 19. Nf5 Bxa3 20. c4 Rfe8 21. Ng5 h6 22. Nh3 d5 23. cxd5 Qc3 24. Qa2 Bb4 25. Nxf4 Qe5 26. g3 Bd6 27. Nxd6 Qxd6 28. Rfe1 Ng4 29. Qb2 Ne5 30. Re3 Rc7 31. Nh5 f6 32. Nf4 Bc8 33. Qa2 Bg4 34. Ne6 Rc3 35. Rb1 Rec8 36. Bd1 Rc1 37. Rxc1 Rxc1 38. Re1 Rxd1 39. Kf1 Rxe1+ 40. Kxe1 Qb4+ 41. Kf1 Nxd3 42. Nc7 Qe1+ 43. Kg2 Qxe4+ 44. Kf1 Qh1# 0-1

[Event "Gatineau Loisirs"]
[Site "Gatineau"]
[Date "2013.10.15"]
[Round "1"]
[White "Jobin, Gilles G"]
[Black "Menard, Marc"]
[Result "1-0"]
[WhiteElo "1721"]
[BlackElo "1461"]
[PlyCount "83"]
[EventDate "2013.10.15"]
[EventType "swiss"]
[EventRounds "4"]
[EventCountry "CAN"]
[SourceTitle "EXT 2022"]
[Source "ChessBase"]
[SourceDate "2021.10.06"]
[SourceVersion "1"]
[SourceVersionDate "2021.10.06"]
[SourceQuality "1"]

1. Nf3 Nf6 2. g3 d5 3. Bg2 Nc6 4. d3 e5 5. 0-0 Bc5 6. Nbd2 0-0 7. c3 Re8 8. b4 Bb6 9. a4 a5 10. b5 Nb8 11. c4 c6 12. Bb2 d4 13. Nb3 cxb5 14. cxb5 Nbd7 15. Ba3 Nd5 16. Qd2 N7f6 17. Ng5 h6 18. Ne4 Nxe4 19. Bxe4 Bh3 20. Rfc1 f5 21. Bh1 Qd7 22. Nc5 Bxc5 23. Rxc5 Nc3 24. Bb2 Rac8 25. Rc4 f4 26. Bxc3 dxc3 27. Qxc3 Rxc4 28. dxc4 Rd8 29. Bd5+ Be6 30. Qxe5 Bxd5 31. Qxd5+ Qxd5 32. cxd5 fxg3 33. Rd1 gxf2+ 34. Kxf2 Kf7 35. e4 Kf6 36. Ke3 g5 37. Kd4 g4 38. e5+ Ke7 39. d6+ Kd7 40. Kd5 Rf8 41. e6+ Ke8 42. Rc1 1-0